Normal view
MARC view
- D R J Chillingworth
Entry Personal Name
001 - CONTROL NUMBER
- control field: 20439
003 - CONTROL NUMBER IDENTIFIER
- control field: NUST
005 - DATE AND TIME OF LATEST TRANSACTION
- control field: 20190913055227.0
008 - FIXED-LENGTH DATA ELEMENTS
- fixed length control field: 190913|| aca||aabn | a|a d
040 ## - CATALOGING SOURCE
- Original cataloging agency: NUST
- Transcribing agency: NUST
100 ## - HEADING--PERSONAL NAME
- Personal name: D R J Chillingworth
670 ## - SOURCE DATA FOUND
- Source citation: Work cat.: (NUST): D R J Chillingworth , Differential Topology with a view to Applications , 1976
